Statistiken für Länder Der Welt Beginnend Mit U, V und Z

Klicken Sie hier um das Quiz zu spielen!

Allgemein

  • Dieses Quiz wurde 464 mal gespielt
    (463 seit der letzten Aktualisierung)
  • Das Durchschnittsergebnis liegt bei 11 aus 14

Antworten auf der Karte

Die Antworten werden auf der Karte rot bzw. grün angezeigt, abhängig davon wie oft sie richtig erraten wurden.
 

Antwortstatistiken

Antwort% Korrekt
Zypern
92%
Uganda
90%
Uruguay
88%
Venezuela
87%
Usbekistan
85%
Ungarn
81%
Vereinigte Staaten
77%
Vanuatu
75%
Vietnam
74%
Vatikanstadt
70%
Ukraine
69%
Vereinigtes Königreich
69%
Vereinigte Arabische Emirate
65%
Zentral­afrikanische Republik
30%

Verteilung der Resultate

Perzentil nach korrekt beantworteten Fragen

Anzahl Personen mit jedem Resultat

Ihre Resultats-Entwicklung

Sie haben dieses Quiz seit der letzten Aktualisierung nicht gespielt